Statistics for Fairy Tail Dragon Slayers

Click here to take the quiz!

General Stats

  • This quiz has been taken 1,849 times
  • The average score is 6 of 7

Answer Stats

HintAnswer% Correct
Fire Dragon SlayerNatsu
100%
Sky Dragon SlayerWendy
99%
Iron Drgaon SlayerGajeel
97%
Lightning Dragon SlayerLaxus
95%
White Dragon SlayerSting
90%
Shadow Dragon SlayerRogue
88%
Poison Dragon SlayerCobra
81%

Score Distribution

Percentile by Number Answered

Percent of People with Each Score

Your Score History

You have not taken this quiz